Last by Lasts: Authors Quiz Stats

 Plays Quiz Updated Feb 24, 2019

Score 0/30 Timer 05:00
4 Plays Today
% Correct
Austen
92.8%
Rowling
91.9%
Tolkien
90.5%
Dickens
90.5%
Tolstoy
89.9%
Fitzgerald
89.6%
Dumas
88.3%
Brown
88%
Seuss
86.9%
Dahl
86.5%
Lewis
85.8%
Hemingway
83.9%
King
83.6%
Steinbeck
83.2%
Doyle
82.8%
% Correct
Orwell
82.1%
Twain
81.8%
Larsson
79.2%
London
78.5%
Wells
77.2%
Bradbury
74.1%
Rice
72.3%
Hardy
70.9%
Adams
70.7%
Conrad
70.6%
Silverstein
64.4%
Albom
61.2%
Irving
59.4%
Vonnegut
53.3%
Roth
51.8%

You're not logged in!

Compare scores with friends on all Sporcle quizzes.
OR
Log In

Sporcle TV

Today on Sporcle TV


Watch our educational content, quiz creation guides, and fun videos on Sporcle TV.

Show Comments

Extras

Top Quizzes Today


Score Distribution

Your Account Isn't Verified!

In order to create a playlist on Sporcle, you need to verify the email address you used during registration. Go to your Sporcle Settings to finish the process.

Report this User

Report this user for behavior that violates our Community Guidelines.

Details: